Every Snooker Player to Compete at the Crucible Theatre (1977-2026) - Statistics

General Stats
  • This quiz has been taken 42 times
  • The average score is 99 of 236
Answer Stats
Answer Country Number of Appearances Debut % Correct
Alex Higgins Northern Ireland 14 1977
100%
Mark Williams Wales 28 1997
100%
Ronnie O’Sullivan England 34 1993
100%
John Higgins Scotland 32 1995
97%
Neil Robertson Australia 21 2005
97%
Rex Williams England 8 1977
97%
Shaun Murphy England 24 2002
97%
Steve Davis England 30 1979
97%
Dennis Taylor Northern Ireland 18 1977
94%
Fred Davis England 7 1977
94%
Judd Trump England 17 2007
94%
Ken Doherty Ireland 19 1991
94%
Ray Reardon Wales 11 1977
94%
Robbie Williams England 4 2014
94%
Stephen Hendry Scotland 27 1986
94%
Cliff Thorburn Canada 15 1977
91%
David Taylor England 11 1977
91%
Gary Wilson England 6 2017
91%
Jimmy Robertson England 5 2011
91%
Jimmy White England 25 1981
91%
Kyren Wilson England 12 2014
91%
Mark Davis England 12 1994
91%
Mark Selby England 22 2005
91%
Matthew Stevens Wales 19 1998
91%
Barry Hawkins England 20 2006
88%
Cliff Wilson Wales 8 1980
88%
Graeme Dott Scotland 20 1997
88%
Jak Jones Wales 4 2023
88%
Kirk Stevens Canada 10 1979
88%
Luca Brecel Belgium 8 2012
88%
Mark Allen Northern Ireland 20 2007
88%
Mark Johnston-Allen England 1 1992
88%
Michael White Wales 4 2013
88%
Stephen Murphy Ireland 1 1992
88%
Terry Murphy Northern Ireland 2 1998
88%
Bradley Jones England 1 1997
85%
Jamie Jones Wales 6 2012
85%
Peter Ebdon England 24 1992
85%
Tony Jones England 4 1985
85%
Wayne Jones Wales 4 1985
85%
Zhao Xintong China 4 2019
85%
Alan McManus Scotland 21 1991
82%
Joe Johnson England 8 1984
82%
John Parrott England 23 1984
82%
John Virgo England 14 1977
82%
Stuart Bingham England 18 2000
82%
Terry Griffiths Wales 19 1979
82%
Ali Carter England 22 2003
79%
John Spencer England 10 1977
79%
Ding Junhui China 20 2007
76%
James Wattana Thailand 13 1992
74%
Marco Fu Hong Kong 18 1999
74%
Stephen Maguire Scotland 20 2004
74%
Doug Mountjoy Wales 17 1977
71%
Stan Moody England 1 2026
71%
Tony Drago Malta 13 1988
71%
Jordan Brown Northern Ireland 1 2020
68%
Murdo MacLeod Scotland 2 1985
68%
Nigel Bond England 15 1992
68%
Rory McLeod England/Jamaica 3 2009
68%
Wu Yize China 3 2023
68%
Hossein Vafaei Iran 5 2022
65%
Paul Hunter England 8 1999
65%
Eddie Charlton Australia 15 1977
62%
Joe Perry England 17 1999
62%
Liang Wenbo China 8 2008
62%
Perrie Mans South Africa 8 1977
62%
Antoni Kowalski Poland 1 2026
59%
Chris Wakelin England 5 2018
59%
Stephen Lee England 17 1995
59%
Willie Thorne England 19 1977
59%
Anthony Hamilton England 13 1996
56%
Anthony McGill Scotland 9 2015
56%
Bill Werbeniuk Canada 10 1978
56%
Fergal O’Brien Ireland 10 1994
56%
Thepchaiya Un-Nooh Thailand 4 2018
56%
Xiao Guodong China 5 2014
56%
David Gilbert England 12 2007
53%
Liam Pullen England 1 2026
53%
Patsy Fagan Ireland 5 1977
53%
Quinten Hann Australia 6 1998
53%
Tony Meo England 11 1980
53%
Zhang Anda China 6 2010
53%
Jackson Page Wales 2 2022
50%
Joe Swail Northern Ireland 12 1993
50%
Mark King England 15 1994
50%
Nigel Gilbert England 3 1990
50%
Tony Knowles England 12 1981
50%
Warren King Australia 4 1984
50%
Ryan Day Wales 16 2004
47%
Anthony Davies Wales 3 1994
44%
Brian Morgan England 4 1993
44%
Darren Morgan Wales 10 1989
44%
Dominic Dale Wales 10 1997
44%
Jack Lisowski England 8 2013
44%
Mike Hallett England 11 1982
44%
Peter Francisco South Africa 5 1988
44%
Si Jiahui China 4 2023
44%
Silvino Francisco South Africa 8 1982
44%
Alexander Ursenbacher Switzerland 1 2020
41%
John Campbell Australia 5 1983
41%
John Pulman England 3 1977
41%
Kurt Maflin Norway 3 2015
41%
Liam Highfield England 4 2018
41%
Marcus Campbell Scotland 4 2001
41%
Martin Gould England 11 2009
41%
Michael Holt England 8 2005
41%
Robert Milkins England 10 2002
41%
Zhou Yuelong China 4 2017
41%
David Gray England 6 1998
38%
Ian Black Scotland 1 1983
38%
Neal Foulds England 12 1984
38%
Noppon Saengkham Thailand 4 2017
38%
Steve James England 9 1988
38%
Yao Bingtao China 4 2017
38%
Alain Robidoux Canada 9 1990
35%
Barry Pinches England 3 1991
35%
Chris Small Scotland 8 1992
35%
Dave Harold England 11 1994
35%
Dene O’Kane New Zealand 6 1985
35%
Elliot Slessor England 2 2020
35%
Gerard Greene Northern Ireland 5 1999
35%
Lee Walker Wales 3 1997
35%
Lei Peifan China 2 2025
35%
Mick Price England 3 1992
35%
Nick Walker England 1 1999
35%
Pang Junxu China 4 2023
35%
Robin Hull Finland 3 2002
35%
Tom Ford England 5 2010
35%
Andrew Higginson England 2 2009
32%
Drew Henry Scotland 6 1994
32%
He Guoqiang China 1 2026
32%
Matthew Selt England 5 2013
32%
Andy Hicks England 8 1995
29%
Eugene Hughes Ireland 5 1983
29%
Michael Georgiou Cyprus 1 2019
29%
Ricky Walden England 10 2009
29%
Fan Zhengyi China 3 2023
26%
Graham Miles England 8 1977
26%
Jamie Burnett Scotland 4 1996
26%
Jamie Cope England 5 2008
26%
Jim Meadowcroft England 3 1980
26%
Joe O’Connor England 2 2024
26%
Bob Chaperon Canada 3 1988
24%
Dean Reynolds England 11 1982
24%
Dechawat Poomjaeng Thailand 1 2013
24%
James Cahill England 1 2019
24%
Lyu Haotian China 4 2018
24%
Martin Clark England 5 1991
24%
Mike Dunn England 1 2002
24%
Patrick Wallace Northern Ireland 1 2001
24%
Scott Donaldson Scotland 2 2019
24%
Spencer Dunn England 1 1993
24%
Stephen O’Connor Ireland 1 1993
24%
Ian McCulloch England 5 1999
21%
Jamie Clarke Wales 2 2020
21%
Jim Wych Canada 4 1980
21%
Peter Lines England 1 1998
21%
Ray Edmonds England 4 1980
21%
Craig Steadman England 1 2015
18%
David Grace England 2 2017
18%
David Roe England 6 1989
18%
Gary Wilkinson England 10 1989
18%
Jason Ferguson England 3 1992
18%
John Read England 1 2000
18%
Mitchell Mann England 1 2016
18%
Zak Surety England 1 2025
18%
Alfie Burden England 1 1998
15%
Ben Woollaston England 2 2013
15%
Daniel Wells England 1 2025
15%
Dave Martin England 4 1981
15%
Eddie Sinclair Scotland 1 1984
15%
Ian Graham England 1 1991
15%
John Dunning England 2 1981
15%
Luo Honghao China 1 2019
15%
Mario Morra Canada 1 1984
15%
Paul Mifsud Malta 1 1984
15%
Rod Lawler England 2 1995
15%
Stuart Carrington England 3 2015
15%
Stuart Pettman England 3 2003
15%
Andrew Pagett Wales 1 2011
12%
Billy Snaddon Scotland 5 1994
12%
Cao Yupeng China 1 2012
12%
Euan Henderson Scotland 1 1996
12%
Joe Delaney Ireland 1 2007
12%
John Bear Canada 1 1982
12%
Liu Chuang China 2 2008
12%
Mark Joyce England 1 2021
12%
Michael Judge Ireland 3 2001
12%
Michael Wasley England 1 2014
12%
Mick Fisher England 1 1983
12%
Paddy Browne Ireland 1 1989
12%
Pat Houlihan England 1 1978
12%
Sam Baird England 2 2013
12%
Sam Craigie England 1 2021
12%
Stefan Mazrocis England 2 1995
12%
Steve Newbury Wales 3 1989
12%
Tian Pengfei China 2 2019
12%
Ashley Carty England 1 2020
9%
Ashley Hugill England 1 2022
9%
Jim Donnelly Scotland 1 1982
9%
Li Hang China 1 2019
9%
Nick Terry England 1 1996
9%
Surinder Gill England 1 1994
9%
Barry West England 2 1987
6%
Brady Gollan Canada 1 1990
6%
Craig Edwards England 1 1991
6%
Gary Ponting England 1 1994
6%
Jon Wright England 1 1987
6%
Leo Fernandez Ireland 1 1999
6%
Les Dodd England 3 1983
6%
Mark Bennett Wales 3 1987
6%
Mark Wildman England 1 1983
6%
Roy Andrewartha Wales 1 1984
6%
Tony Chappel Wales 1 1990
6%
Graham Horne Scotland 1 1997
3%
Jason Prince Northern Ireland 1 1998
3%
Jimmy Michie England 1 1996
3%
Kristjan Helgason Iceland 1 2000
3%
Marcel Gauvreau Canada 1 1984
3%
Nick Dyson England 2 1991
3%
Paul Cavney England 1 1995
3%
Robert Marshall England 1 1991
3%
Shaun Mellish England 1 1993
3%
Steve Duggan England 1 1989
3%
Tai Pichit Thailand 1 1995
3%
Danny Fowler England 4 1986
0%
David McLellan Scotland 1 1997
0%
Jack Fitzmaurice England 1 1982
0%
Joe O’Boyle Ireland 1 1989
0%
John Giles England 1 1993
0%
John Lardner Scotland 1 1999
0%
Karl Payne England 1 1993
0%
Sean Storey England 2 2001
0%
Simon Bedford England 1 1998
0%
Steve Longworth England 2 1987
0%
No matching quizzes found
Score Distribution
Percent of People with Each Score
Percentile by Number Answered
Your Score History
You have not taken this quiz